Responses for Show #8132 - Tuesday, January 7, 2020

Karen Farrell game 9.

Contestants

[<< previous game]

Lisa Warne-Magro, a homemaker and community volunteer from Austin, Texas

David Xia, a retail planner from San Francisco, California

Karen Farrell, a political consultant from Woodbridge, Virginia (whose 8-day cash winnings total $159,603)

[next game >>]

Jeopardy! Round responses

CLASSIC MOVIES & TV
OCCUPATION ETYMOLOGY
ANAGRAMS
FUN WITH ZIP CODES
POLITICS
SOFT WORDS
    $200 27
[The end-of-round signal sounds.]
(Alex: We want to thank our friends at Profiles in History.)

Raiders of the Lost Ark

Karen
    $200 4
a bald eagle

Karen
    $200 13
(Karen: What is ire?)

wrath

KarenLisa
    $400 25
Casablanca

Karen
    $400 20
a boat

Karen
    $400 9
an angelfish

Lisa
    $400 22
(Alex: Less than a minute now.)

San Antonio

Lisa
    $400 26
the Tea Party

Lisa
    $400 14
(Lisa: Who is Sam Spade?)

Philip Marlowe

KarenLisa
    $600 1
The Sopranos

Karen
    $600 8
a barrister

Lisa
    $600 10
comprehension

Lisa
    $600 15
"Zip-A-Dee-Doo-Dah"

Lisa
    $1,600 5
(Karen: What's an independent election?)

nonpartisan

Karen
    $600 16
(Karen: Who is William Wadsworth Longfellow?)
(Lisa: Who is William Butler Yeats?)

Henry Wadsworth Longfellow

KarenLisa
Triple Stumper
    $800 2
Mark Hamill

Karen
    $800 19
choreography

Lisa
    $800 11
needlepoint

Lisa
    $800 23
Park Avenue

David
    $800 6
(Kevin) McCarthy

David
    $800 17
Friedrich Nietzsche

Triple Stumper
    $1000 3
Greta Garbo

Lisa
    $1000 21
(Karen: What's a journalist?)

a lobbyist

KarenDavid
    $1000 12
(Alex: You're good with words.)

granite

Lisa
    $1000 24
(David: What is Edison?)

General Electric

KarenDavid
    $1000 7
Strom Thurmond

Karen
    $1000 18
Lenore

Karen

Scores at the first commercial break (after clue 15):

Karen David Lisa
$1,200 $800 $4,800

Scores at the end of the Jeopardy! Round:

Karen David Lisa
$2,600 $1,600 $5,800

Double Jeopardy! Round responses

AFRICAN-AMERICAN HISTORY
FILL THE M-T SPACE
IN THE COUNTRY
HAVE FUN STORMING THE CASTLE!
THINK IT WILL WORK?
IT WOULD TAKE A MIRACLE
    $400 16
Gone with the Wind

Karen
    $400 6
a manuscript

Karen
    $400 18
Greece

Karen
    $400 28
[The end-of-round signal sounds.]

a record player

Lisa
    $800 13
(Karen: What is the long jump?)

the high jump

KarenLisa
    $800 2
a manhunt

David
    $800 25
the Philippines

David
    $800 10
a ladder

David
    $800 27
an iPhone

David
    $800 26
Smokey Robinson

Karen
    $1200 14
the Bourgeoisie

Lisa
    $1200 3
a moppet

Lisa
    $1200 24
South Korea

Karen
    $1200 7
sally

Triple Stumper
    $1200 11
Thomas Edison

Triple Stumper
    $1200 1
The Miracle Worker

Lisa
    $4,000 15
(Lisa: Drawing a blank. What is SDS?)

the NAACP

Lisa
    $3,000 4
a martinet

Lisa
    $1600 23
Morocco

Karen
    $1600 8
a portcullis

David
    $1600 12
wings

Lisa
    $1600 22
(Lisa: Who are the Panthers?)
(David: Who are the Oilers?)
...
(Alex: Less than a minute now.)

the (Tennessee) Titans

KarenDavidLisa
    $2000 17
"Black is beautiful"

Lisa
    $2000 5
a mendicant

Lisa
    $2000 19
Panama

Triple Stumper
    $2000 9
Dover Castle

Lisa
    $2000 20
a lung

David
    $2000 21
(David: What is Singapore?)

Dubai

David
Triple Stumper

Scores at the end of the Double Jeopardy! Round:

Karen David Lisa
$8,200 $4,800 $15,600

[wagering suggestions for these scores]

Final Jeopardy! Round responses

INTERNATIONAL SPORTS STARS
DavidWho is Ronaldo?
$3,999
KarenWho is David Beckham?
$8,200
LisaWho is that soccer guy
$900
(Cristiano) Ronaldo

Final scores:

Karen David Lisa
$0 $8,799 $14,700
3rd place: $1,000 2nd place: $2,000 New champion: $14,700

Game dynamics:

Coryat scores:

Karen David Lisa
$9,800 $4,800 $18,200
17 R,
5 W
(including 1 DD)
9 R,
3 W
21 R
(including 1 DD),
4 W
(including 1 DD)

Combined Coryat: $32,800

[game clues] [game scores] [suggest correction]

Game tape date: 2019-10-23
The J! Archive is created by fans, for fans. Scraping, republication, monetization, and malicious use prohibited; this site may use cookies and collect identifying information. See terms. The Jeopardy! game show and all elements thereof, including but not limited to copyright and trademark thereto, are the property of Jeopardy Productions, Inc. and are protected under law. This website is not affiliated with, sponsored by, or operated by Jeopardy Productions, Inc. Join the discussion at JBoard.tv.